| 000 | 00400nam a2200169Ia 4500 | ||
|---|---|---|---|
| 005 | 20240823044014.0 | ||
| 008 | 240823s9999||||xx |||||||||||||| ||und|| | ||
| 041 | _aENGLISH | ||
| 082 | _A345.5400263 | ||
| 100 | _aLaw Publishers Pvt Ltd | ||
| 245 | 4 | _aThe Land Acquistion Act 1894 | |
| 250 | _a1st | ||
| 260 | _bLaw Publi | ||
| 500 | _aTRANSFERED | ||
| 650 |
_aGeneral _bGeneral |
||
| 942 | _cBK | ||
| 999 |
_c211548 _d211548 |
||